| 000 | 00541aam a2200205 4500 | ||
|---|---|---|---|
| 005 | 20190514150207.0 | ||
| 008 | 150715b xxu||||| |||| 00| 0 spa d | ||
| 041 | _aInglés | ||
| 082 | _a428 J77w | ||
| 100 |
_aJones, Leo _931377 |
||
| 245 | _aWelcome:english for the travel and tourism industry | ||
| 250 | _a2 edición. | ||
| 260 | _aEstados Unidos | ||
| 260 | _bCambridge University Press | ||
| 260 | _c2005 | ||
| 300 | _a126 páginas | ||
| 650 |
_aINGLES ENSEÑANZA _91244 |
||
| 650 |
_aINGLES PARA TURISMO _92995 |
||
| 942 | _cBK | ||
| 999 |
_c10631 _d10631 |
||